Equipos Ganadores de un GP de F1 - Estadísticas

Estadísticas generales
  • Esta prueba ha sido intentada 375 veces
    138 desde el último reinicio
  • La puntuación promedio es 14 de 37
Estadísticas de respuestas
Pista Respuesta % Correcto
248 Ferrari
100%
129 Mercedes
100%
189 McLaren
98%
119 Red Bull
97%
114 Williams
92%
- Renault
90%
- Alpine
74%
81 Lotus
67%
- Toro Rosso
62%
- BMW Sauber
61%
10 Alfa Romeo
56%
27 Benetton
50%
1 Alpha Tauri
46%
3 Honda
43%
8 Brawn
41%
- Racing Point
40%
35 Brabham
34%
- Maserati
28%
4 Jordan
27%
23 Tyrrell
25%
- Porsche
23%
16 Cooper
22%
- Stewart
20%
9 Ligier
19%
- Matra
18%
- Vanwall
18%
17 BRM
16%
- Penske
12%
- Hesketh
10%
- March
9%
- Wolf
9%
- Eagle
6%
- Shadow
5%
5 Kurtis Kraft
3%
- Kuzma
1%
- Watson
1%
2 Epperly
0%
No se encontraron pruebas coincidentes
Distribución de puntuación
Porcentaje de gente con cada puntuación
Porcentaje por número respondido
Historial de tus puntuaciones
No has intentado esta prueba desde el último reinicio